000 01654nam0a2200325 4500
001 RU\NLR\bibl\1113975
005 20250615062604.0
010 _a978-5-98461-352-1
_9300
021 _aRU
_b2007-41319
_92218
035 _a(NLR Aleph) 001100990
090 _a1178109
_c1178109
100 _a20070801d2007 |||y0rusy50 ca
101 0 _arus
_aeng
102 _aRU
105 _ay |||||||||
200 1 _aEnglish grammar for law students
_eintermediate course
_eучебно-методическое пособие для студентов юридических специальностей
_fС.Ю. Кочеткова, Е.А. Елтанская, Л.В. Медведева
_gФедер. агентство по образованию, Гос. образоват. учреждение высш. проф. образования "Волгоград. гос. ун-т"
205 _a2-е изд., испр. и доп.
210 _aВолгоград
_cВолгоградское научное издательство
_d2007
215 _a158 с.
_d21
320 _aБиблиогр.: с. 158 (6 назв.)
606 1 _aАнглийский язык
_xУчебные издания для юристов
_92396289
_3RU\NLR\auth\661428701
686 _aШ143.21-93рус329.4
700 1 _aКочеткова
_bС. Ю.
_gСветлана Юрьевна
_4070
701 1 _aЕлтанская
_bЕ. А.
_gЕлена Александровна
_4070
701 1 _aМедведева
_bЛ. В.
_gЛюдмила Вениаминовна
_4070
801 0 _aRU
_bNLR
_c20070801
_gRCR
801 1 _aRU
_bNLR
_c20070801
942 _cBOOK
980 _aNB